| 000 | 00730nam a22001815i 4500 | ||
|---|---|---|---|
| 001 | 152127 | ||
| 003 | ES-MaACL | ||
| 005 | 20230906204539.0 | ||
| 008 | 051010s1887 sz | |||||||| ||fre d | ||
| 040 |
_aCAM _bspa _cCAM |
||
| 100 | 1 |
_aBing, Felix. _928922 |
|
| 245 | 1 | 3 |
_aLa Société Anonyme en droit italien _b: étude de législation comparée / _cpar Félix-M. Bing. |
| 260 |
_aGenève : _bBale : _bH. Georg ; _aParis : _bG. Pedone-Lauriel ; _aTurin : _bBocca Fratelli, _c1887 ( _eGenève : _fImprimerie Charles Schuchardt) |
||
| 300 |
_a449 p. ; _c23 cm. |
||
| 650 |
_aDerecho mercantil- _zItalia. _911740 |
||
| 650 | 0 | 4 |
_aSociedades anónimas. _917182 |
| 852 |
_aES-MaACL _jF-9938 _z-- Enc. hol., conservando la cub. original |
||
| 999 |
_c152127 _d152127 |
||